000 01546nam a2200361 a 4500
001 ebr10670935
003 CaPaEBR
006 m u
007 cr cn|||||||||
008 090331s2009 nyua sb 001 0 eng d
010 _z 2009009169
020 _z9781607414490 (hardcover)
020 _z160741449X (hardcover)
020 _z9781613241202 (e-book)
040 _aCaPaEBR
_cCaPaEBR
035 _a(OCoLC)704275326
050 1 4 _aHV41
_b.S654 2009eb
082 0 4 _a361.3
_222
245 0 0 _aSocial professional activity
_h[electronic resource] :
_bthe search for a minimum common denominator in difference /
_cClaire Dorrity and Peter Herrmann, editors.
260 _aNew York :
_bNova Science Publishers,
_cc2009.
300 _avi, 201 p. :
_bill. (some col.).
490 1 _aWilliam Thompson series for democratic social studies and international social policy
504 _aIncludes bibliographical references and index.
533 _aElectronic reproduction.
_bPalo Alto, Calif. :
_cebrary,
_d2013.
_nAvailable via World Wide Web.
_nAccess may be limited to ebrary affiliated libraries.
650 0 _aSocial service.
650 0 _aHuman rights.
655 7 _aElectronic books.
_2local
700 1 _aDorrity, Claire.
700 1 _aHerrmann, Peter,
_d1955-
710 2 _aebrary, Inc.
830 0 _aWilliam Thompson series for democratic social studies and international social policy.
856 4 0 _uhttp://site.ebrary.com/lib/rucke/Doc?id=10670935
_zAn electronic book accessible through the World Wide Web; click to view
999 _c61907
_d61907